[Event "45th Olympiad 2024"]
[Site "Budapest HUN"]
[Date "2024.09.12"]
[Round "2.56"]
[Board "4"]
[White "Eltag, Siddig"]
[Black "Abdul Rahman, Ali"]
[Result "1-0"]
[WhiteElo "2138"]
[BlackElo "1844"]
[PlyCount "141"]
[EventDate "2024.09.11"]
[WhiteTeam "Sudan"]
[BlackTeam "Maldives"]
[WhiteTeamCountry "SUD"]
[BlackTeamCountry "MDV"]

1. d4 d5 2. c4 e6 3. e3 Nf6 4. Nc3 c6 5. Nf3 Bd6 6. Bd3 Nbd7 7. O-O O-O 8. e4 dxe4 9. Nxe4 Nxe4 10. Bxe4 f5 11. Bc2 Nf6 12. Re1 ({RR} 12. b3 Qe8 13. Re1 Qh5 14. Ne5 Qh4 15. Nf3 Qh5 16. Ne5 Qh4 17. h3 Re8 18. Nf3 Qh5 19. Ne5 Qh4 20. Bb2 Bd7 21. Qf3 Re7 22. Nxd7 Nxd7 23. d5 exd5 24. Rxe7 Qxe7 25. cxd5 Re8 26. Rf1 g6 {1-0 Biolek,R (2442)-Sramek,V (2304) CZE-ch Ostrava 2019 (7)}) ({RR} 12. Qe2 b6 13. Rd1 Re8 14. Ne5 Bb7 15. c5 Bc7 16. Bg5 h6 17. Bf4 Nd5 18. Bd2 Qf6 19. a4 bxc5 20. Nd7 Qf7 21. Nxc5 Bc8 22. Ra3 e5 23. Re1 e4 24. f3 Qf6 25. Qc4 Qh4 26. h3 Kh8 {1-0 Melikhov,E (2269)-Ladan,N (2228) Titled Tue 16th May Early 2023 (11)}) 12... b6 $146 ({RR} 12... Qc7 13. h3 Bd7 14. b3 Bf4 15. Ne5 Bxc1 16. Rxc1 Rae8 17. Qf3 Re7 18. Rcd1 Be8 19. Qc3 Bh5 20. f3 g5 21. g4 Bg6 22. Re2 a6 23. Rde1 Rfe8 24. Qd2 fxg4 25. Qxg5 gxf3 26. Bxg6 fxe2 27. Bf7+ {1-0 Schulte,R (1770)-Vehmeyer,T (2003) Muensterland Verbandsklasse-A 0506 2005 (6.8)}) ({RR} 12... Re8 13. b3 b6 14. Bb2 Qc7 15. h3 c5 16. dxc5 Bxc5 17. Be5 Qf7 18. Qe2 Bb7 19. Rad1 Bb4 20. Rf1 h6 21. Bd6 Bxd6 22. Rxd6 Rad8 23. Rfd1 Rxd6 24. Rxd6 Qe7 25. Rd1 a5 26. Qe3 Bxf3 27. Qxf3 {½-½ Szabo,B (2131)-Rozic,S (1852) EU Union-ch U14 2007 (3)}) 13. Ng5 Re8 14. Qf3 Qc7 15. Qh3 h6 16. Nf3 Bb7 17. Bd2 a5 18. Bc3 Ng4 19. Re2 Qf7 20. Rae1 a4 21. b3 b5 22. c5 Bc7 23. b4 Rac8 24. a3 Ba8 25. Bb1 Nf6 26. Ne5 Bxe5 27. Rxe5 Nd5 28. Bd2 Rcd8 29. Qd3 Bb7 30. Qe2 Nc7 31. Bc3 Rd5 32. Re3 Rdd8 33. Ba2 Bc8 34. Re5 Bd7 35. Kh1 Nd5 36. Bd2 Kf8 37. Qf3 Qg6 38. h3 Kg8 39. R1e2 Kh8 40. Re1 Rf8 41. Qd3 Qf7 42. Qg3 Rde8 43. Qf3 Qg6 44. Kg1 Kg8 45. R5e2 Qf7 46. Bf4 Kh8 47. Bd6 Rg8 48. Kh2 Kh7 49. Qd3 g6 50. Qc2 Nf6 51. f3 Nd5 52. Bxd5 cxd5 53. c6 Rc8 54. cxd7 Rxc2 55. Rxc2 Rd8 56. Rc7 Kg8 57. Rec1 g5 58. Rb7 Rxd7 59. Rc8+ Kg7 60. Rxd7 Qxd7 61. Rc7 Qxc7 62. Bxc7 Kg6 63. Kg3 h5 64. h4 f4+ 65. Bxf4 gxf4+ 66. Kxf4 Kf6 67. g4 hxg4 68. fxg4 e5+ 69. dxe5+ Ke6 70. g5 Kf7 71. h5 1-0

[Event "45th Olympiad 2024"]
[Site "Budapest HUN"]
[Date "2024.09.12"]
[Round "2.57"]
[Board "2"]
[White "Drayton, Anthony"]
[Black "Loay, Sameer"]
[Result "1/2-1/2"]
[WhiteElo "1964"]
[BlackElo "2194"]
[PlyCount "87"]
[EventDate "2024.09.11"]
[WhiteTeam "Guyana"]
[BlackTeam "Jordan"]
[WhiteTeamCountry "GUY"]
[BlackTeamCountry "JOR"]

1. d4 Nf6 2. Bf4 g6 3. Nc3 d5 4. e3 Bg7 5. Be2 O-O 6. h4 h5 7. Nf3 c5 8. Nb5 ({RR} 8. Ne5 Nc6 9. Qd2 cxd4 10. exd4 Nd7 11. Nf3 Nf6 12. Ne5 Nd7 13. Nxc6 bxc6 14. Bh6 Bxh6 15. Qxh6 e5 16. dxe5 Nxe5 17. Qg5 Bf5 18. Qxd8 Rfxd8 19. O-O-O Rab8 20. Na4 Re8 21. b3 Kg7 22. Rde1 Nd7 {0-1 Sjugirov,S (2661)-Guseinov,G (2665) Leon Blitz op 34th 2021 (12)}) 8... Nc6 9. Bc7 $146 ({RR} 9. Nc7 e5 10. dxe5 Qxc7 11. exf6 Qa5+ 12. c3 Bxf6 13. O-O Qd8 14. Bg5 Be6 15. Qa4 Re8 16. Rad1 Rc8 17. Rd2 Bxg5 18. Nxg5 Qf6 19. Bf3 Red8 20. Rfd1 Qe5 21. Qb5 Ne7 22. c4 b6 23. cxd5 Bg4 {1-0 Burcu,C (2301)-Bick,G (2416) Fagernes TV2 GM op 2018 (3)}) ({RR} 9. c3 a6 10. Na3 Bf5 11. O-O Ne4 12. Nc2 Re8 13. Ne5 Qb6 14. f3 Nd6 15. Nxc6 Qxc6 16. Ne1 e5 17. dxe5 Bxe5 18. Bd3 Bxf4 19. exf4 Qb6 20. Qb3 Qa7 21. Qxd5 c4+ 22. Kh2 cxd3 23. Qxd6 Rad8 {0-1 Emujin Enkh-Amgalan (1906)-Khuslen,E (2004) ch-MGL Women 2024 (8.4)}) ({RR} 9. dxc5 Ne8 10. c3 e5 11. Bg3 Be6 12. O-O a6 13. a4 axb5 14. axb5 Rxa1 15. Qxa1 Ne7 16. Bxe5 Bxe5 17. Nxe5 Nf5 18. Nf3 Nxh4 19. Qa7 Nxf3+ 20. Bxf3 Qc8 21. b4 Nf6 22. Ra1 Ne4 23. Bxe4 dxe4 {0-1 Bronnum,J (2056)-Thomsen,K (1961) Nordsjalland Weekend Gr 1 2020 (5)}) 9... Qd7 10. Bf4 a6 11. Nc7 Ra7 12. Ne5 Qxc7 13. Nxg6 Qa5+ 14. c3 fxg6 15. Qc2 Bf5 16. Bd3 Bxd3 17. Qxd3 Kf7 18. g4 hxg4 19. Be5 Qb5 20. Qc2 Nxe5 21. dxe5 Ne4 22. O-O-O e6 23. h5 gxh5 24. f3 gxf3 25. Qh2 Ke7 26. Qh4+ Kd7 27. Qxe4 Kc8 28. Qg6 Qd7 29. Rxh5 Qf7 30. Qg4 b5 31. Rh7 Rh8 32. Rxh8+ Bxh8 33. Rf1 Bxe5 34. Rxf3 Qe7 35. Qg8+ Kd7 36. Rf7 Bd6 37. Rxe7+ Bxe7 38. Qb8 Rc7 39. Qb6 Rc6 40. Qb7+ Kd6 41. Qb8+ Kd7 42. Qb7+ Kd6 43. Qb8+ Kd7 44. Qb7+ 1/2-1/2

[Event "45th Olympiad 2024"]
[Site "Budapest HUN"]
[Date "2024.09.12"]
[Round "2.57"]
[Board "3"]
[White "Saif, Malek"]
[Black "Nathoo, Loris"]
[Result "1-0"]
[WhiteElo "2162"]
[BlackElo "1788"]
[PlyCount "53"]
[EventDate "2024.09.11"]
[WhiteTeam "Jordan"]
[BlackTeam "Guyana"]
[WhiteTeamCountry "JOR"]
[BlackTeamCountry "GUY"]

1. e4 c5 2. b3 g6 3. Bb2 Nf6 4. Nc3 d6 5. Bb5+ Bd7 6. Bxd7+ Nbxd7 ({RR} 6... Qxd7 7. Nd5 Bg7 8. Nxf6+ exf6 9. Qf3 Qe7 10. O-O-O Nc6 11. Ne2 O-O 12. Nf4 f5 13. Bxg7 Kxg7 14. Rhe1 Qe5 15. c3 Rae8 16. exf5 Qxf5 17. Re3 Ne5 18. Qg3 Ng4 19. Rf3 Ne5 20. Re3 Ng4 21. Rf3 {½-½ Morozevich,A (2676)-Artemiev,V (2692) RUS-ch blitz 2017 (18)}) 7. Nge2 $146 ({RR} 7. f4 Bg7 8. Qf3 a6 9. Nge2 b5 10. g4 e6 11. O-O-O b4 12. Na4 Rc8 13. d3 Nb6 14. Nxb6 Qxb6 15. Ng3 O-O 16. f5 Nd7 17. f6 Bh6+ 18. Kb1 Ne5 19. Bxe5 dxe5 20. h4 Rfd8 21. g5 Bf8 {1-0 Gumpo,T (2059)-Said,O (1924) Olympiad-43 Batumi 2018 (9.4)}) ({RR} 7. f4 Bg7 8. Qe2 O-O 9. O-O-O e6 10. g4 d5 11. e5 Ne8 12. h4 f6 13. exf6 Qxf6 14. g5 Qf7 15. h5 Nd6 16. hxg6 hxg6 17. Kb1 Rfe8 18. Qh2 d4 19. Nce2 e5 20. fxe5 Nxe5 21. Qh7+ Kf8 {1-0 Ostensen,N (2216)-Indjic,A (2606) Titled Tue 12th Sep Early 2023 (1)}) ({RR} 7. Nf3 Bg7 8. Qe2 O-O 9. O-O e5 10. Rad1 a6 11. Ne1 b5 12. f4 exf4 13. Rxf4 Nh5 14. Rf3 Bd4+ 15. Re3 Ne5 16. g3 f5 17. exf5 Rxf5 18. Kg2 Qg5 19. Kh1 Raf8 20. Ng2 Bxe3 21. Ne4 Qg4 {0-1 Hristodoulaki,A (1941)-Pavlidou,E (2224) GRE-ch U20 Girls 2012 (4)}) 7... e5 8. O-O Bg7 9. f4 O-O 10. d3 Ng4 11. Qd2 Qh4 12. h3 Ndf6 13. Rf3 exf4 14. hxg4 Nxg4 15. Rh3 Qf2+ 16. Kh1 Ne3 17. Rg1 Ng4 18. Qd1 Bd4 19. Nxd4 cxd4 20. Qxg4 dxc3 21. Bxc3 f5 22. Qg5 fxe4 23. Qh6 Rf7 24. Qxg6+ Kf8 25. Qxd6+ Ke8 26. Rh5 Rd7 27. Qf6 1-0

[Event "45th Olympiad 2024"]
[Site "Budapest HUN"]
[Date "2024.09.12"]
[Round "2.58"]
[Board "3"]
[White "Adam, Jamal"]
[Black "Salih, Akar Ali Salih"]
[Result "0-1"]
[WhiteElo "2013"]
[BlackElo "2174"]
[PlyCount "76"]
[EventDate "2024.09.11"]
[WhiteTeam "Chad"]
[BlackTeam "Iraq"]
[WhiteTeamCountry "CHD"]
[BlackTeamCountry "IRQ"]

1. d4 Nf6 2. c4 c5 3. Nf3 cxd4 4. Nxd4 e5 5. Nb5 d5 6. cxd5 Bc5 7. e3 O-O 8. Be2 a6 9. N5c3 e4 10. O-O ({RR} 10. g4 Qe7 11. g5 Nfd7 12. Nd2 f5 13. h4 b5 14. b3 Nb6 15. Bb2 Rd8 16. Qc2 Nxd5 17. Nxd5 Rxd5 18. b4 Bxb4 19. Qxc8+ Rd8 20. Qxf5 Rxd2 21. Kf1 Rxb2 22. Qd5+ Qf7 23. Qxa8 Rxe2 24. Qxb8+ Bf8 {1-0 Andreikin,D (2729)-Gavilan Diaz,M (2274) Titled Tue 8th Aug Early 2023 (1)}) 10... Bf5 11. Nd2 Re8 12. Qb3 $146 ({RR} 12. Nb3 Ba7 13. Nd4 Bg6 14. b3 Nbd7 15. Bb2 Ne5 16. Qd2 Rc8 17. Rfc1 h5 18. Nd1 Qxd5 19. Rxc8 Rxc8 20. Rc1 Rd8 21. Qb4 Bb8 22. Nc3 Qd7 23. Na4 Bd6 24. Qa5 {½-½ Stull,N (2250)-David,A (2370) Luxembourg op 26th 1987 (7)}) ({RR} 12. Nb3 Ba7 13. Nd4 Bg6 14. b4 Nxd5 15. Nxd5 Qxd5 16. Bb2 Nc6 17. Nxc6 Qxc6 18. Qb3 Bf5 19. Rac1 Qh6 20. Rfd1 Rad8 21. Bc4 Qh5 22. Bd5 Bb8 23. g3 Bg4 24. Rd4 Be5 25. Rc5 Bxd4 26. Bxd4 b6 {0-1 Christensen,J (1841)-Setiabudi,A (1906) AUS-ch Major 2011 (5)}) 12... Qc7 13. Rd1 Nbd7 14. Nf1 Bd6 15. Qc4 Nc5 16. a4 Qe7 17. b4 Nd3 18. Bxd3 Rac8 19. Qb3 exd3 20. Ba3 Qc7 21. Rac1 Qc4 22. Qxc4 Rxc4 23. f3 Rec8 24. Nb1 Rc2 25. e4 Bd7 26. Nbd2 a5 27. Ra1 axb4 28. Bc1 Be5 29. Rb1 Bc3 30. Nb3 Bxa4 31. Be3 Nd7 32. Rxd3 Ne5 33. Rdd1 Nc4 34. Bc1 Na3 35. Bxa3 bxa3 36. Na1 Rb2 37. Rdc1 Rxb1 38. Rxb1 a2 0-1

[Event "45th Olympiad 2024"]
[Site "Budapest HUN"]
[Date "2024.09.12"]
[Round "2.59"]
[Board "3"]
[White "Bonne, Robin"]
[Black "Shaw, Jaden"]
[Result "0-1"]
[WhiteElo "1707"]
[BlackElo "2051"]
[PlyCount "110"]
[EventDate "2024.09.11"]
[WhiteTeam "Seychelles"]
[BlackTeam "Jamaica"]
[WhiteTeamCountry "SEY"]
[BlackTeamCountry "JAM"]

1. d4 Nf6 2. Bf4 d5 3. e3 c5 4. c3 Nc6 5. Nd2 cxd4 6. exd4 Bg4 7. Be2 ({RR} 7. Qb3 Qc8 8. h3 Bh5 9. Ngf3 e6 10. Ne5 Be7 11. Bd3 O-O 12. O-O Nxe5 13. Bxe5 Bg6 14. Bxg6 hxg6 15. a4 Nd7 16. Bg3 Nb8 17. a5 Nc6 18. Qa4 a6 19. b4 Na7 20. Rac1 Nb5 21. Qa1 Bg5 {1-0 Jumabayev,R (2654)-Ter Sahakyan,S (2640) PNWCC Online blitz JP 15th 2020 (7)}) 7... Bxe2 8. Nxe2 $146 ({RR} 8. Qxe2 Qb6 9. Rb1 e6 10. h3 Be7 11. Ngf3 O-O 12. O-O Rfe8 13. Ne5 Nxe5 14. Bxe5 Nd7 15. Bh2 a5 16. Qd3 Qa6 17. Qxa6 Rxa6 {½-½ Teixidor Banus,J (1667)-Delbos,J (1581) 13th ch-Mediterranean 2023 (8.32)}) ({RR} 8. Qxe2 e6 9. Ngf3 Bd6 10. Bg3 O-O 11. O-O Qc7 12. Bxd6 Qxd6 13. Ne5 Nd7 14. f4 f6 15. Nd3 Rfe8 16. Nf3 b5 17. b4 a5 18. a3 axb4 19. axb4 Nb6 20. Rxa8 Rxa8 21. Nc5 Nc4 22. Qxe6+ Qxe6 {0-1 Weetik,V (2423)-Heinemann,J (2279) Titled Tue 9th Jul Early 2024 (7)}) 8... e6 9. h3 Bd6 10. Qc2 O-O 11. g4 Bxf4 12. Nxf4 Qd6 13. Ne2 b5 14. a3 a5 15. a4 b4 16. b3 bxc3 17. Qxc3 Nb4 18. O-O Rac8 19. Qf3 Rc2 20. Rfd1 Qa6 21. Nf4 Rfc8 22. g5 Ne8 23. h4 R2c3 24. Qg2 Nc2 25. Rab1 Nxd4 26. h5 Ne2+ 27. Nxe2 Qxe2 28. f3 Qe3+ 29. Kh1 Rd3 30. Qg1 Qe2 31. Rb2 Qe5 32. Rbb1 Qf5 33. Rb2 Qf4 34. Qg4 Qe5 35. Rbb1 Qe2 36. Qg2 Qxg2+ 37. Kxg2 Rc2 38. Kg3 Rdxd2 39. Rxd2 Rxd2 40. b4 axb4 41. Rxb4 Ra2 42. Rb8 Kf8 43. Rb4 Ke7 44. Rb7+ Kd6 45. Rxf7 Rxa4 46. h6 gxh6 47. gxh6 Ra8 48. Rxh7 Nf6 49. Rf7 Ke5 50. f4+ Kf5 51. Rg7 Nh5+ 52. Kh4 Nxg7 53. hxg7 Rg8 54. Kh5 Rxg7 55. Kh6 Rg6+ 0-1

[Event "45th Olympiad 2024"]
[Site "Budapest HUN"]
[Date "2024.09.12"]
[Round "2.60"]
[Board "1"]
[White "Espinoza Solano, Jose Nahum"]
[Black "Gontcharov, Serguei"]
[Result "1-0"]
[WhiteElo "2156"]
[BlackElo "1927"]
[PlyCount "113"]
[EventDate "2024.09.11"]
[WhiteTeam "Nicaragua"]
[BlackTeam "Bermuda"]
[WhiteTeamCountry "NCA"]
[BlackTeamCountry "BER"]

1. e4 c5 2. Nf3 e6 3. d4 cxd4 4. Nxd4 a6 5. c4 Nf6 6. Nc3 Bb4 7. Nc2 Bxc3+ 8. bxc3 d5 ({RR} 8... Qa5 9. Qd4 Nc6 10. Qe3 O-O 11. Ba3 Re8 12. Bd6 b5 13. c5 b4 14. Be2 bxc3 15. O-O Qa4 16. Bd3 a5 17. f3 Nb4 18. Rfc1 Ba6 19. Bxa6 Nxa6 20. Qxc3 Rec8 21. Nd4 Ne8 22. Be7 h6 23. Qc4 {1-0 Salem,A (2677)-Svidler,P (2683) MrDodgy Inv 3 GpB 2022 (7.2)}) ({RR} 8... Nc6 9. Ba3 Nxe4 10. Qg4 f5 11. Qxg7 Qf6 12. Qxf6 Nxf6 13. f3 Kf7 14. Kf2 Rd8 15. c5 Rb8 16. Rb1 Ne8 17. Be2 d5 18. cxd6 Nxd6 19. c4 Ne8 20. Rhd1 Rxd1 21. Rxd1 e5 22. Ne3 Be6 23. g4 {0-1 Hungaski,R (2471)-Caruana,F (2804) Titled Tue 13th Feb Late 2024 (1)}) 9. cxd5 $146 ({RR} 9. e5 Ne4 10. Bd3 Nxc3 11. Qg4 dxc4 12. Qxc4 Nd5 13. O-O Nc6 14. Re1 O-O 15. Ba3 Re8 16. Rad1 Bd7 17. Bb2 Rc8 18. Qg4 Qb6 19. Ba1 Ncb4 20. Nxb4 Qxb4 21. Re4 Qa3 22. Bc4 Bc6 23. Red4 Ba4 {0-1 Name,G-Camara,H Sao Paulo op 1972 (5)}) 9... exd5 10. exd5 Qxd5 11. Qxd5 Nxd5 12. c4 Ne7 13. Ba3 Nbc6 14. Be2 O-O 15. O-O Re8 16. Rfd1 Be6 17. Ne3 Rad8 18. Bf3 Rxd1+ 19. Rxd1 Ng6 20. Bd5 Nf4 21. g3 Ng6 22. Rb1 Bc8 23. Bd6 Nge5 24. Bxe5 Rxe5 25. Bxc6 bxc6 26. Rb6 Re6 27. Rb8 Re8 28. Nf5 Bd7 29. Rxe8+ Bxe8 30. c5 Bd7 31. Nd6 Be6 32. a3 Kf8 33. f4 g6 34. Kf2 Ke7 35. Kf3 h5 36. Ke4 f6 37. f5 Bd5+ 38. Kf4 g5+ 39. Ke3 Kd7 40. h4 g4 41. Kd4 a5 42. Nb7 a4 43. Nd6 Ba2 44. Kc3 Bb3 45. Ne4 Ke7 46. Nd2 Bd1 47. Nc4 Kd8 48. Ne3 Bb3 49. Ng2 Bd5 50. Nf4 Be4 51. Nxh5 Bxf5 52. Nxf6 Ke7 53. Nh5 Be4 54. Kd4 Bg6 55. Nf4 Bc2 56. Ke5 Bb1 57. Ng2 1-0

[Event "45th Olympiad 2024"]
[Site "Budapest HUN"]
[Date "2024.09.12"]
[Round "2.60"]
[Board "2"]
[White "Dacres, Don"]
[Black "Rocha, Maximiliano"]
[Result "0-1"]
[WhiteElo "1863"]
[BlackElo "2156"]
[PlyCount "58"]
[EventDate "2024.09.11"]
[WhiteTeam "Bermuda"]
[BlackTeam "Nicaragua"]
[WhiteTeamCountry "BER"]
[BlackTeamCountry "NCA"]

1. d4 Nf6 2. Bf4 d5 3. e3 c5 4. c3 Nc6 5. Nf3 Qb6 6. Qc2 Bg4 7. Nbd2 e6 8. Be2 Be7 ({RR} 8... Rc8 9. Qb3 Be7 10. h3 Bh5 11. O-O O-O 12. dxc5 Bxc5 13. Rfe1 h6 14. Rad1 Rfd8 15. Qxb6 Bxb6 16. Nb3 g5 17. Bh2 Ne4 18. Nfd4 Bxe2 19. Rxe2 Kg7 20. Nd2 Nc5 21. N2b3 Ne4 22. Nd2 Nd6 23. N2f3 {0-1 Le,T (2501)-Karjakin,S (2752) PNWCC Online blitz JP 9th 2020 (5)}) 9. O-O O-O ({RR} 9... Nh5 10. Bg3 Nxg3 11. hxg3 Rc8 12. dxc5 Bxc5 13. e4 dxe4 14. Nc4 Qc7 15. Qxe4 Bf5 16. Qf4 Qxf4 17. gxf4 O-O 18. Rad1 Rfd8 19. Nfe5 Nxe5 20. fxe5 Bc2 21. Rc1 Ba4 22. b3 Bb5 23. Rcd1 Kf8 24. Rfe1 {0-1 Langer,P (1933)-Schulze,L (2302) 14th Nordhausen Open 2024 (1.8)}) 10. h3 Bh5 11. g4 $146 ({RR} 11. Rfe1 Rac8 12. dxc5 Bxc5 13. Bg5 Bg6 14. Bd3 Bxd3 15. Qxd3 Be7 16. Bxf6 Bxf6 17. Rab1 Rfd8 18. Qe2 e5 19. Nb3 h6 20. Rbd1 d4 21. exd4 exd4 22. Nbxd4 Nxd4 23. Nxd4 Bxd4 24. cxd4 Rxd4 25. Rxd4 Qxd4 {0-1 Ballestero,A (1224)-Sagastegui,T (1212) Aruba-ch Oranjestad 2020 (5)}) ({RR} 11. Qb3 c4 12. Qc2 Bg6 13. Qc1 Qd8 14. Ne5 Nxe5 15. Bxe5 Bd6 16. Nf3 Qc7 17. Bxd6 Qxd6 18. Ne5 Nd7 19. Nxg6 hxg6 20. e4 f5 21. e5 Qe7 22. b3 b5 23. a4 a6 24. Rb1 Rfb8 25. Qd2 Nb6 {1-0 Tahbaz,A (2473)-Trimitzios,P (2284) Titled Tuesday intern op 4th Sept blitz 2018 (2)}) 11... Bg6 12. Qc1 Rac8 13. Ne5 cxd4 14. Nxc6 bxc6 15. exd4 Nd7 16. b4 f6 17. Nf3 Rce8 18. a4 Qd8 19. a5 e5 20. dxe5 fxe5 21. Nxe5 Nxe5 22. Be3 Nc4 23. Bxc4 dxc4 24. Bxa7 Bd3 25. Re1 Bd6 26. Bb6 Qh4 27. Kg2 Be2 28. Rxe2 Rxe2 29. Qf1 Qg3+ 0-1

[Event "45th Olympiad 2024"]
[Site "Budapest HUN"]
[Date "2024.09.12"]
[Round "2.60"]
[Board "3"]
[White "Sanchez, Steven"]
[Black "Lill, Sami"]
[Result "1-0"]
[WhiteElo "2072"]
[BlackElo "1902"]
[PlyCount "103"]
[EventDate "2024.09.11"]
[WhiteTeam "Nicaragua"]
[BlackTeam "Bermuda"]
[WhiteTeamCountry "NCA"]
[BlackTeamCountry "BER"]

1. Nf3 d5 2. d4 Nf6 3. Bf4 Nc6 4. e3 Bg4 5. c4 e6 6. c5 ({RR} 6. Be2 Bb4+ 7. Nfd2 Bxe2 8. Qxe2 dxc4 9. Qxc4 Nd5 10. Bg3 h5 11. h3 Qg5 12. h4 Qg6 13. Rh3 O-O-O 14. a3 Bd6 15. Bxd6 Rxd6 16. Rg3 Qh7 {½-½ Saric,A (2379)-Fercec,N (2467) Bosnjaci op 10th 2004 (6)}) ({RR} 6. Qb3 Bb4+ 7. Nc3 Bxf3 8. gxf3 O-O 9. Bd3 a5 10. a3 a4 11. Qc2 Bxc3+ 12. Qxc3 dxc4 13. Qxc4 Nd5 14. Bg3 Nb6 15. Qc2 h6 16. O-O-O Qe7 17. Rhg1 Kh8 18. Rg2 Ra5 19. Rdg1 f6 20. h4 e5 {0-1 Bhagat Kush (2188)-Shandrygin,N (2209) Titled Tue 2nd Jul Early 2024 (5)}) 6... Nh5 $146 ({RR} 6... Be7 7. h3 Bh5 8. Nc3 O-O 9. a3 b6 10. Bb5 Na5 11. b4 Nc4 12. cxb6 cxb6 13. Bc6 Rc8 14. Bb7 Nb2 15. Qc2 Nc4 16. Bxc8 Qxc8 17. Nd2 {1-0 Largo Chaparro,S (1396)-Corpus de Mares,A COL-ch sf 2nd 2018 (8)}) ({RR} 6... b6 7. b4 Nxb4 8. Qa4+ Nd7 9. Qxb4 bxc5 10. dxc5 Bxc5 11. Qc3 Bxf3 12. Qxg7 Qf6 13. Qxf6 Nxf6 14. gxf3 d4 15. Be5 Be7 16. Bxd4 c5 17. Be5 Rd8 18. Nd2 Rg8 19. Rb1 Rc8 20. Ba6 Rd8 21. Rb7 {1-0 Brune,L (1267)-Braeuer,A (1065) NRW-ch U16 Girls 2009 (2)}) 7. Bb5 Nxf4 8. Bxc6+ bxc6 9. exf4 Bxf3 10. Qxf3 Qf6 11. Qe3 Rb8 12. Nd2 Rb4 13. Nf3 Bxc5 14. Qa3 Rc4 15. dxc5 Re4+ 16. Kf1 Qxf4 17. g3 Qf6 18. Kg2 Kd7 19. Rhe1 Rb8 20. Rxe4 dxe4 21. Rd1+ Ke8 22. Nd2 Qxb2 23. Qxa7 Qb7 24. Qxb7 Rxb7 25. Nxe4 Rb4 26. Kf3 Ra4 27. Rd2 h6 28. Ke3 f5 29. Nc3 Rc4 30. Kd3 Rxc5 31. a4 Ke7 32. Ra2 Ra5 33. Kc4 Kd6 34. Rd2+ Ke7 35. Kb4 Ra8 36. Kc5 Ra6 37. f4 g5 38. Rd4 Ra5+ 39. Kxc6 Kf6 40. Rd7 h5 41. Rxc7 gxf4 42. gxf4 e5 43. Nd5+ Kg6 44. fxe5 Rxa4 45. e6 f4 46. Rf7 Kg5 47. Rxf4 Ra6+ 48. Kd7 Ra7+ 49. Kd6 Ra6+ 50. Ke5 Ra5 51. h4+ Kh6 52. e7 1-0

[Event "45th Olympiad 2024"]
[Site "Budapest HUN"]
[Date "2024.09.12"]
[Round "2.61"]
[Board "1"]
[White "Than, Min Hlaing"]
[Black "Barbaria, Yacine"]
[Result "1/2-1/2"]
[WhiteElo "2121"]
[BlackElo "2179"]
[PlyCount "104"]
[EventDate "2024.09.11"]
[WhiteTeam "Myanmar"]
[BlackTeam "Tunisia"]
[WhiteTeamCountry "MYA"]
[BlackTeamCountry "TUN"]

1. Nf3 Nf6 2. c4 e6 3. d4 d5 4. Nc3 c6 5. Bg5 h6 6. Bxf6 Qxf6 7. e3 Nd7 8. Bd3 g6 9. O-O Bg7 10. Qe2 ({RR} 10. Re1 O-O 11. e4 dxc4 12. Bxc4 e5 13. d5 Nb6 14. Bb3 Bg4 15. Re3 Rad8 16. h3 Bxf3 17. Rxf3 Qe7 18. Qe2 c5 19. a4 Nc8 20. a5 Nd6 21. a6 b6 22. Nb5 Nxb5 23. Qxb5 Rd6 24. Qe2 h5 {1-0 Giri,A (2780)-Duda,J (2730) chess.com Speed blitz 2019 (1.28)}) 10... O-O 11. Rab1 $146 ({RR} 11. e4 dxc4 12. Bxc4 e5 13. d5 Nb6 14. Bb3 Bg4 15. Rac1 Rfd8 16. Rfd1 Bf8 17. dxc6 bxc6 18. h3 Bxf3 19. Qxf3 Qxf3 20. gxf3 Rd4 21. Ne2 Rxd1+ 22. Rxd1 a5 23. a3 a4 24. Ba2 Bc5 25. Kg2 Kf8 {0-1 Hahn,M-Goessling,G (2200) Recklinghausen op 13th 2002 (3)}) ({RR} 11. Rfe1 Qe7 12. e4 dxc4 13. Bxc4 b5 14. Bb3 Rb8 15. e5 c5 16. d5 c4 17. d6 Qd8 18. Bc2 b4 19. Na4 Qa5 20. h4 h5 21. b3 c3 22. Rad1 Bb7 23. Be4 Bxe4 24. Qxe4 Rb5 25. Qc6 Nxe5 {0-1 Kacprzak,K (2322)-Drygalov,S (2547) Titled Tue 16th Jan Early 2024 (4)}) ({RR} 11. Rfc1 Qe7 12. a3 dxc4 13. Bxc4 e5 14. d5 Nb6 15. e4 Nxc4 16. Qxc4 Bd7 17. Qb3 Rab8 18. Ne1 Kh7 19. Qc2 h5 20. b4 f5 21. f3 fxe4 22. d6 Qxd6 23. Rd1 Qc7 24. Nxe4 Bf5 25. Ng5+ Kh8 {0-1 Wojszkun,T (1809)-Walkusz,M (1938) Gdansk op 14th 2012 (6)}) 11... Re8 12. e4 dxc4 13. Bxc4 e5 14. dxe5 Nxe5 15. Nxe5 Qxe5 16. f4 Qc5+ 17. Kh1 b5 18. Bb3 Bxc3 19. bxc3 Bf5 20. e5 Bxb1 21. e6 fxe6 22. Rxb1 Kg7 23. Bc2 Rad8 24. h3 Re7 25. Rf1 Qc4 26. Qe5+ Kh7 27. Rf3 Rg7 28. Bb3 Rd5 29. Bxc4 Rxe5 30. fxe5 bxc4 31. Rf4 Rc7 32. Rxc4 g5 33. Kg1 Kg6 34. g4 Kf7 35. Kf2 Ke7 36. Ke3 c5 37. Ra4 Rd7 38. Ra5 c4 39. Ke4 Rd3 40. Rxa7+ Kd8 41. Rh7 Rxc3 42. Rxh6 Kd7 43. Kd4 Rd3+ 44. Kxc4 Rd5 45. Rh7+ Kc6 46. h4 Rxe5 47. Kd4 Ra5 48. hxg5 Rxg5 49. Rh4 Ra5 50. Rh2 Ra4+ 51. Ke5 Rxg4 52. Kxe6 Kb5 1/2-1/2

[Event "45th Olympiad 2024"]
[Site "Budapest HUN"]
[Date "2024.09.12"]
[Round "2.61"]
[Board "2"]
[White "Meftahi, Houssem"]
[Black "Kyaw Zay Ya"]
[Result "0-1"]
[WhiteElo "2112"]
[BlackElo "1818"]
[PlyCount "134"]
[EventDate "2024.09.11"]
[WhiteTeam "Tunisia"]
[BlackTeam "Myanmar"]
[WhiteTeamCountry "TUN"]
[BlackTeamCountry "MYA"]

1. e4 d5 2. exd5 Qxd5 3. Nc3 Qa5 4. d4 c6 5. Nf3 Bg4 6. Be2 Nf6 7. O-O Nbd7 8. Ne5 ({RR} 8. Bd2 Qb6 9. Na4 Qc7 10. h3 Bh5 11. Re1 e6 12. c4 Be7 13. Nc3 O-O 14. Qc1 Rfe8 15. a3 a5 16. c5 Bxf3 17. Bxf3 e5 18. b4 exd4 19. Bf4 Qd8 20. Ne2 d3 21. Ng3 axb4 22. axb4 Bf8 {1-0 Radjabov,T (2723)-Soto Vega,J (2354) Titled Tue 13th Feb Early 2024 (1)}) 8... Bxe2 9. Qxe2 e6 10. Re1 $146 ({RR} 10. Bf4 Be7 11. Nc4 Qh5 12. Nd6+ Bxd6 13. Qxh5 Nxh5 14. Bxd6 Nhf6 15. Rfe1 Nb6 16. Rad1 O-O-O 17. Be7 Rd7 18. Bxf6 gxf6 19. Ne4 f5 20. Nc5 Rdd8 21. c3 h5 22. Rd3 Rdg8 23. Rg3 Nd7 24. Nd3 Kd8 {1-0 Vlasak,L (1843)-Klein,S (1860) Regionalliga NO 0607 2006 (8.8)}) ({RR} 10. Bf4 Nxe5 11. Bxe5 Be7 12. Rad1 O-O-O 13. a3 Bd6 14. b4 Qxa3 15. Bxd6 Rxd6 16. Qc4 Qa6 17. b5 Qb6 18. bxc6 Qxc6 19. Qd3 Rhd8 20. Nb5 Kb8 21. Nxd6 Qxd6 22. Qg3 {½-½ Schrader,E (1673)-Auge,J (1745) Muret Seniors op 14th 2015 (7)}) 10... Nxe5 11. dxe5 Nd7 12. a3 Be7 13. Qg4 Nxe5 14. Qxg7 Ng6 15. Re4 Rd8 16. Be3 b6 17. Ra4 Qf5 18. Rf4 Bf8 19. Qxh8 Nxh8 20. Rxf5 exf5 21. Re1 Kd7 22. g3 Ng6 23. f4 Bg7 24. Rd1+ Kc7 25. Rxd8 Kxd8 26. Nd1 Kc7 27. Kf2 a5 28. Ke2 a4 29. Kd3 c5 30. Bd2 Bd4 31. Bc3 Bg1 32. Ke2 Kc6 33. Bd2 Bd4 34. c3 Bf6 35. c4 b5 36. Kd3 Bd4 37. Bc3 Bg1 38. h3 h5 39. h4 Ne7 40. Be1 Bd4 41. Bf2 Bf6 42. Be3 Nc8 43. cxb5+ Kxb5 44. Kc2 Nd6 45. Bf2 Ne4 46. Be1 Bd4 47. Kd3 Bg1 48. Nc3+ Nxc3 49. Kxc3 Bd4+ 50. Kc2 Kc4 51. Bc3 Bf2 52. Bf6 Bxg3 53. Bg5 Bh2 54. Bh6 Bg1 55. Bf8 Bd4 56. Be7 Kd5 57. b3 axb3+ 58. Kxb3 c4+ 59. Kc2 Ke4 60. Bg5 f6 61. Bh6 Kf3 62. a4 Kg4 63. a5 Kxh4 64. a6 Kg4 65. Bg7 h4 66. Bxf6 Ba7 67. Kc3 h3 0-1